Statistiques concernant Ils ont un point commun version Manga #1

Cliquez ici pour prendre le quiz!

Statistiques générales

  • Ce quiz a été pris 463 fois
  • Le résultat moyen est 9 sur 15

Statistiques - réponses

HintRéponse% Correct
Blue LockFoot
87%
One PieceBig 3
74%
Wind BreakerGang
71%
Demon SlaveDémons
69%
Goodnight WorldJeu vidéo
68%
Sword Art OnlineEpéistes
64%
NarutoNinja
64%
Fullmetal AlchemistFrères
62%
Black CloverMage
62%
Love FragranceShojo
55%
RaveHiro Mashima
51%
BakumanArtiste
50%
BleachEsprit
44%
RadiantFrançais
44%
The Promised NeverlandKaze
13%

Distribution des résultats

Percentile par nombre de réponses

% des personnes avec chaque résultat

Votre développement - résultats

Vous n’avez pas pris ce quiz